Bases ecológicas para el manejo de plagas.

Spremljeno u:
Bibliografski detalji
Daljnji autori: Estay Cabrera, Sergio Andrés (Urednik)
Format: Nepoznato
Izdano: Santiago, Chile: Ediciones UC 2021
Teme:
Oznake: Dodaj oznaku
Bez oznaka, Budi prvi tko označuje ovaj zapis!

MARC

LEADER 00000 a2200000 4500
003 CL-VaPUC
005 20250411150957.0
008 250411t2021 ||||| |||| 00| 0 spa d
999 |c 447596  |d 447594 
020 |a 978-9561428331 
040 |c Pontificia Universidad Católica de Valparaíso 
082 7 |2 22  |a 632.7 EST 2021 
100 |a Estay Cabrera, Sergio Andrés  |9 893644  |e editor 
245 |a Bases ecológicas para el manejo de plagas. 
260 |a Santiago, Chile:  |b Ediciones UC  |c 2021 
300 |a 263 páginas.  
583 |k GC  |c 20250411 
650 0 |a Plagas de insectos  |9 896417  |x Control biológico 
650 0 |a Plagas   |9 896418  |x Control biológico 
942 |n 1  |2 ddc  |c BK 
952 |0 0  |1 0  |2 ddc  |4 0  |6 632_700000000000000_EST_2021  |7 0  |8 A  |9 602410  |a BIBAGR  |b BIBAGR  |d 2025-04-11  |e 21  |g 20743.60  |i 5667180  |o 632.7 EST 2021  |p 5667180  |r 2025-04-11  |t 1  |v 20743.60  |w 2025-04-11  |y BK  |k AGR 
952 |0 0  |1 0  |2 ddc  |4 0  |6 632_700000000000000_EST_2021  |7 0  |8 A  |9 602411  |a BIBAGR  |b BIBAGR  |d 2025-04-11  |e 21  |g 20743.60  |i 5667184  |o 632.7 EST 2021  |p 5667184  |r 2025-04-11  |t 5  |v 20743.60  |w 2025-04-11  |y BK  |k AGR 
952 |0 0  |1 0  |2 ddc  |4 0  |6 632_700000000000000_EST_2021  |7 0  |8 A  |9 602412  |a BIBAGR  |b BIBAGR  |d 2025-04-11  |e 21  |g 20743.60  |i 5667182  |o 632.7 EST 2021  |p 5667182  |r 2025-04-11  |t 3  |v 20743.60  |w 2025-04-11  |y BK  |k AGR 
952 |0 0  |1 0  |2 ddc  |4 0  |6 632_700000000000000_EST_2021  |7 0  |8 A  |9 602413  |a BIBAGR  |b BIBAGR  |d 2025-04-11  |e 21  |g 20743.60  |i 5667183  |o 632.7 EST 2021  |p 5667183  |r 2025-04-11  |t 4  |v 20743.60  |w 2025-04-11  |y BK  |k AGR 
952 |0 0  |1 0  |2 ddc  |4 0  |6 632_700000000000000_EST_2021  |7 0  |8 A  |9 602414  |a BIBAGR  |b BIBAGR  |d 2025-04-11  |e 21  |g 20743.60  |i 5667181  |o 632.7 EST 2021  |p 5667181  |r 2025-04-11  |t 2  |v 20743.60  |w 2025-04-11  |y BK  |k AGR